| 000 | 00601nam a2200217Ia 4500 | ||
|---|---|---|---|
| 005 | 20220118142958.0 | ||
| 008 | 131103s9999 xx 000 0 und d | ||
| 020 | _aSBN 67509864 5 | ||
| 040 | _aLoreto College | ||
| 041 | _aEnglish | ||
| 082 |
_a551.5 _bMIL |
||
| 100 | _aMiller, Albert | ||
| 245 |
_aMeterology _cAlbert Miller |
||
| 260 |
_aColumbus _bCharles E. Merrill publishing _c1966 |
||
| 300 |
_avii, fig., tables _b 21 cm. |
||
| 504 | _aIncludes bibliographical references and index | ||
| 650 | _aMeterology - | ||
| 651 | _aGeology - Meterology - | ||
| 850 | _aLCLIB | ||
| 942 | _cBK | ||
| 999 |
_c1395 _d51874 |
||